Reseña de los actos realizados por esta corporación con motivo del fallecimiento del Excmo. é Ilmo. Sr. D. José Moreno Nieto / (Record no. 163034)

MARC details
000 -LEADER
campo de control de longitud fija 00867nam a22001935i 4500
001 - NÚMERO DE CONTROL
campo de control 163034
003 - IDENTIFICADOR DE NÚMERO DE CONTROL
campo de control ES-MaACL
005 - FECHA Y HORA DE LA ÚLTIMA TRANSACCIÓN
campo de control 20260128063029.0
008 - DATOS DE LONGITUD FIJA--INFORMACIÓN GENERAL
campo de control de longitud fija 990216s1882 sp |||| | spa d
040 ## - FUENTE DE CATALOGACIÓN
Centro catalogador/agencia de origen CCPB | B
Lengua de catalogación spa
Centro/agencia transcriptor CCPB | B
100 ## - ENTRADA PRINCIPAL--NOMBRE DE PERSONA
Nombre de persona Real Academia de Jurisprudencia y Legislación de España
9 (RLIN) 217612
245 10 - MENCIÓN DEL TÍTULO
Título Reseña de los actos realizados por esta corporación con motivo del fallecimiento del Excmo. é Ilmo. Sr. D. José Moreno Nieto /
Mención de responsabilidad, etc. Academia Matritense de Jurisprudencia y Legislación.
260 ## - PUBLICACIÓN, DISTRIBUCIÓN, ETC.
Lugar de publicación, distribución, etc. Madrid :
Nombre del editor, distribuidor, etc. [s.n.],
Fecha de publicación, distribución, etc. 1882 (
Fabricante Imprenta de la Revista de Legislación)
300 ## - DESCRIPCIÓN FÍSICA
Extensión 23 p. ;
Dimensiones 21 cm.
600 14 - PUNTO DE ACCESO ADICIONAL DE MATERIA--NOMBRE DE PERSONA
Nombre de persona Moreno Nieto, José,
Fechas asociadas al nombre 1825-1882
9 (RLIN) 83416
852 ## - LOCALIZACIÓN
Ubicación ES-MaACL
Número de control de estantería T-360-F-14
Nota libre -- Enc. hol.
condición física -- Falto de la port. y la cub. original
Nota libre -- Enc. en un vol. facticio
852 ## - LOCALIZACIÓN
Ubicación ES-MaACL
Número de control de estantería T-368-F-17
Holdings
Estatus retirado Estado de pérdida Estado de daño No para préstamo Colección Biblioteca de origen Biblioteca actual Ubicación en estantería Fecha de adquisición Fuente de adquisición Total de préstamos Signatura topográfica completa Código de barras Visto por última vez Precio de reemplazo Tipo de ítem Koha
        Colección de folletos Biblioteca del Ateneo de Madrid Biblioteca del Ateneo de Madrid Depósito folletos 21/05/2009     T-368-F-17 1180077 23/02/2023 23/02/2023 Folleto
        Colección de folletos Biblioteca del Ateneo de Madrid Biblioteca del Ateneo de Madrid Depósito folletos 17/01/2008     T-360-F-14 1170821 23/02/2023 23/02/2023 Folleto